<?xml version="1.0" encoding="UTF-8"?>
<record
    xmlns:xsi="http://www.w3.org/2001/XMLSchema-instance"
    xsi:schemaLocation="http://www.loc.gov/MARC21/slim http://www.loc.gov/standards/marcxml/schema/MARC21slim.xsd"
    xmlns="http://www.loc.gov/MARC21/slim">

  <leader>00843cam a2200253 a 4500</leader>
  <controlfield tag="001"> 84742</controlfield>
  <controlfield tag="003">BD-RjUL</controlfield>
  <controlfield tag="005">20250303151959.0</controlfield>
  <controlfield tag="008">250303s1957    ii       b    000 0 urd  </controlfield>
  <datafield tag="035" ind1=" " ind2=" ">
    <subfield code="a">(BD-RjUL) 84742</subfield>
  </datafield>
  <datafield tag="040" ind1=" " ind2=" ">
    <subfield code="a">DLC</subfield>
    <subfield code="c">DLC</subfield>
    <subfield code="b">eng</subfield>
    <subfield code="d">BD-RjUL</subfield>
  </datafield>
  <datafield tag="041" ind1=" " ind2=" ">
    <subfield code="a">urd</subfield>
  </datafield>
  <datafield tag="082" ind1=" " ind2=" ">
    <subfield code="2">23</subfield>
    <subfield code="a">891.439109</subfield>
    <subfield code="b">KHU 1957</subfield>
  </datafield>
  <datafield tag="100" ind1="1" ind2=" ">
    <subfield code="a">Khan, Yusuf Husain.&#x62E;&#x627;&#x646;&#x60C; &#x64A;&#x648;&#x633;&#x641; &#x62D;&#x633;&#x64A;&#x646;&#x200F;.</subfield>
    <subfield code="9">15120</subfield>
  </datafield>
  <datafield tag="245" ind1="1" ind2="0">
    <subfield code="a">  /&#x200F;&#x627;&#x631;&#x62F;&#x648; &#x63A;&#x632;&#x644; /&#x200F;   ;;Urd&#x16B; g&#x332;h&#x332;azal  /</subfield>
    <subfield code="c">Y&#x16B;suf &#x1E24;usain.</subfield>
  </datafield>
  <datafield tag="260" ind1=" " ind2=" ">
    <subfield code="a">Aligarh :</subfield>
    <subfield code="b">&#x627;&#x646;&#x62C;&#x645;&#x646; &#x62A;&#x631;&#x642;&#x6CC; &#x627;&#x631;&#x62F;&#x648;, angemen tarqi ardo ,</subfield>
    <subfield code="c">1957</subfield>
  </datafield>
  <datafield tag="300" ind1=" " ind2=" ">
    <subfield code="a">736 p. ;</subfield>
    <subfield code="c">23 cm.</subfield>
  </datafield>
  <datafield tag="504" ind1=" " ind2=" ">
    <subfield code="a">Includes bibliographical references.</subfield>
  </datafield>
  <datafield tag="520" ind1=" " ind2=" ">
    <subfield code="a">Study of Urdu ghazal.</subfield>
  </datafield>
  <datafield tag="650" ind1=" " ind2="0">
    <subfield code="a">Ghazals, Urdu</subfield>
    <subfield code="x">History and criticism.</subfield>
    <subfield code="9">15121</subfield>
  </datafield>
  <datafield tag="650" ind1=" " ind2="0">
    <subfield code="a">Urdu poetry</subfield>
    <subfield code="x">History and criticism.</subfield>
    <subfield code="9">14235</subfield>
  </datafield>
  <datafield tag="942" ind1=" " ind2=" ">
    <subfield code="2">ddc</subfield>
    <subfield code="c">BK</subfield>
  </datafield>
  <datafield tag="999" ind1=" " ind2=" ">
    <subfield code="c">84742</subfield>
    <subfield code="d">84742</subfield>
  </datafield>
  <datafield tag="952" ind1=" " ind2=" ">
    <subfield code="0">0</subfield>
    <subfield code="1">0</subfield>
    <subfield code="2">ddc</subfield>
    <subfield code="4">0</subfield>
    <subfield code="7">1</subfield>
    <subfield code="8">NFIC</subfield>
    <subfield code="a">RUCL</subfield>
    <subfield code="b">RUCL</subfield>
    <subfield code="c">Reading</subfield>
    <subfield code="d">1968-04-11</subfield>
    <subfield code="e">Kegan Poul</subfield>
    <subfield code="g">2.14</subfield>
    <subfield code="o">U 891.439109 KHU 1957</subfield>
    <subfield code="r">2025-03-03 00:00:00</subfield>
    <subfield code="t">C-1</subfield>
    <subfield code="y">BK</subfield>
  </datafield>
</record>
